000 00900nam a22002057a 4500
003 OSt
005 20250827113550.0
008 240308b ||||| |||| 00| 0 eng d
040 _c0
082 _aDPer 621.317 Ie21 July 2022 v.37 n. 7
100 _aDao, Ngoc Dat.
_eauthor.
_954248
245 _aSemi-modular solid-state transformers with reduced count of components based on single-stage AC/DC converters /
_cNgoc Dat Dao, Hoang Vu Nguyen, and Dong-Choon Lee
260 _aNew York ;
_bThe Institute of Electrical and Electronics Engineers, Inc. ,
_cJuly 2022.
300 _avolume 37, pages 8177-8189 :
_billustration ;
_c28 cm.
500 _a IEEE Transactions on Power Electronics, vol. 37, no. 7, pages 8177-8189, July 2022.
700 _aDao, Ngoc Dat.
_eauthor.
_954248
700 _aNguyen, Hoang Vu.
_eauthor.
_954249
700 _aLee, Dong-Choon.
_eauthor.
_954250
942 _2ddc
_cPER
999 _c19577
_d19577